000
00320nam a22001217a 4500
008
160506b xxu||||| |||| 00| 0 eng d
020
_a
9780763715113
020
_a
0763715115
041
_a
eng
080
_a
61
245
_a
Genetics analysis of genes and genomes:
_c
Daniel L. Hartl; Elizabeth W. Jones;
942
_2
udc
_c
BK
999
_c
1865
_d
1865